Medio siglo de vida coruñesa (Record no. 69336)
[ view plain ]
| 000 -LEADER | |
|---|---|
| campo de control de longitud fija | 00460nam a2200157 i 4500 |
| 001 - NÚMERO DE CONTROL | |
| campo de control | 69336 |
| 003 - IDENTIFICADOR DE NÚMERO DE CONTROL | |
| campo de control | ES-MaACL |
| 005 - FECHA Y HORA DE LA ÚLTIMA TRANSACCIÓN | |
| campo de control | 20230906170509.0 |
| 007 - CAMPO FIJO DE DESCRIPCIÓN FÍSICA--INFORMACIÓN GENERAL | |
| campo de control de longitud fija | t| |
| 008 - DATOS DE LONGITUD FIJA--INFORMACIÓN GENERAL | |
| campo de control de longitud fija | 040705s1970 sp ||||1| spa d |
| 100 1# - ENTRADA PRINCIPAL--NOMBRE DE PERSONA | |
| Nombre de persona | García Barros, Jorge. |
| 9 (RLIN) | 54236 |
| 245 10 - MENCIÓN DEL TÍTULO | |
| Título | Medio siglo de vida coruñesa |
| Resto del título | : 1834-1886 / |
| Mención de responsabilidad, etc. | Jorge García Barros. |
| 260 ## - PUBLICACIÓN, DISTRIBUCIÓN, ETC. | |
| Lugar de publicación, distribución, etc. | [La Coruña : |
| Nombre del editor, distribuidor, etc. | s.n., |
| Fecha de publicación, distribución, etc. | 1970] ( |
| Fabricante | Grafinsa) |
| 300 ## - DESCRIPCIÓN FÍSICA | |
| Extensión | 551 p. ; |
| Dimensiones | 24 cm. |
| 852 ## - LOCALIZACIÓN | |
| Ubicación | ES-MaACL |
| Número de control de estantería | C-41793 |
| Sublocalización o colección | R.74668 |
| Estatus retirado | Estado de pérdida | Estado de daño | No para préstamo | Biblioteca de origen | Biblioteca actual | Ubicación en estantería | Fecha de adquisición | Fuente de adquisición | Total de préstamos | Signatura topográfica completa | Código de barras | Visto por última vez | Precio de reemplazo | Tipo de ítem Koha |
|---|---|---|---|---|---|---|---|---|---|---|---|---|---|---|
| Biblioteca del Ateneo de Madrid | Biblioteca del Ateneo de Madrid | Depósito 2 | 17/01/2008 | C-41793 | 1072605 | 23/02/2023 | 23/02/2023 | Libro impreso |
